000
00299 a2200121 4500
000
nam a22 7a 4500
005
20260218043257.0
020
_a
9781906884390
100
_a
Goodwin, Harold
_9
1116112
245
_a
Taking Responsibility for Tourism
260
_b
Goodfellow
_c
2011
942
_c
TB
999
_c
1679908
_d
1679908